000 01694nam a2200517 i 4500
001 15263
003 KOSZ 005
005 20200624094151.0
008 200407s1972 pl f 000 0 pol
015 _aUWD 1973/1357
035 _a991032483649705066
035 _a(PL-WaBN)b18715989-48omnis_nlop
035 _ab18715989
035 _a(OCoLC)838943596
035 _a(PL)b0000001871598
035 _a(EXLNZ-48OMNIS_NETWORK)9910257626705606
040 _aWA N
_cWA N
_dKOSZ 005/RW
046 _k1972
080 _a811.161.1
080 _a621.3
080 _a(075.8)
100 1 _aCzupratowska, Maria
_eAutor
245 1 0 _aTeksty rosyjskie dla lektoratów :
_belektryczność /
_cMaria Czupratowska.
250 _aWydanie 2.
260 _aWarszawa :
_bPaństwowe Wydawnictwo Naukowe,
_c1972.
300 _a113, [1] stron ;
_c24 cm.
336 _aTekst
_btxt
_2rdacontent
337 _aBez urządzenia pośredniczącego
_bn
_2rdamedia
338 _aWolumin
_bnc
_2rdacarrier
380 _aKsiążki
380 _aPublikacje dydaktyczne
388 _a1901-2000
388 _a1945-1989
504 _aBibliografia na stronie [114].
521 8 _aSkrypt dla studentów wyższych szkół technicznych.
650 7 _aElektrotechnika
_2DBN
650 7 _aTerminologia
650 7 _aJęzyk rosyjski
_2DBN
650 7 _aSzkoły wyższe
655 7 _aPodręczniki akademickie
_2DBN
658 _aJęzykoznawstwo
710 2 _aPaństwowe Wydawnictwo Naukowe
_4pbl
856 _uhttp://koha.tu.koszalin.pl/cgi-bin/koha/opac-detail.pl?biblionumber=15263
_yKatalog online BPK
942 _2UKD
_cKS
999 _c15263
_d15263